United States Minor Outlying Islands Islands - Statistics

General Stats
  • This quiz has been taken 30 times
  • The average score is 7 of 12
Answer Stats
Answer % Correct
Baker Island
86%
Wake Island
73%
Jarvis Island
68%
Palmyra Atoll
68%
Howland Island
64%
Johnston Atoll
64%
Kingman Reef
59%
Navassa Island
55%
Bikini Atoll
36%
Bajo Nuevo Bank
32%
Serranilla Bank
32%
Swains Island
32%
No matching quizzes found
Score Distribution
Percent of People with Each Score
Percentile by Number Answered
Your Score History
You have not taken this quiz